Statistics for 200 Most Common Last Names in Minnesota

Click here to take the quiz!

General Stats

  • This quiz has been taken 34 times
  • The average score is 51 of 201

Answer Stats

RankLast NameU.S. Rank% Correct
1Johnson2
96%
6Smith1
93%
15Jones5
82%
36Jackson18
75%
13Brown4
75%
29White17
75%
20Davis7
71%
2Anderson9
68%
84Peters192
64%
12Thompson19
64%
5Peterson61
61%
8Miller6
61%
28Taylor10
57%
53Adams34
57%
104Carter42
57%
14Williams3
57%
112Garcia11
54%
25Martin14
54%
23Wilson8
54%
74Green39
54%
136Rodriguez15
50%
60Harris21
50%
159James78
50%
3Nelson35
46%
44Hill37
46%
73Paulson1,640
46%
43Hall31
46%
59Walker26
46%
27Thomas12
43%
75Roberts44
43%
150Gray77
43%
33Clark22
43%
34Moore13
43%
49Lewis25
43%
38Young30
43%
48King33
43%
102Morris54
43%
22Jensen230
43%
103McDonald123 | 29,526
43%
81Evans47
39%
4Olson134
39%
168Lopez24
39%
99Stevens120
39%
10Hanson245
39%
9Carlson210
39%
131Martinez20
39%
158Frank420
39%
16Lee16
39%
142Richardson76
39%
121Kennedy125
39%
136Bell63
36%
85Olsen497
36%
42Baker38
36%
118Parker49
36%
80Cook57
36%
26Berg597
36%
149Henderson99
36%
21Hansen175
36%
125Hernandez23
32%
82Larsen511
32%
148Cooper62
32%
101Rogers58
32%
7Larson213
32%
50Robinson27
32%
52Allen28
32%
132Howard72
29%
79Mitchell43
29%
35Benson310
29%
124Zimmerman334
29%
120Edwards50
29%
18Schmidt158
29%
152Jacobs229
29%
156Watson74
29%
107Johnston196
29%
87Fisher97
29%
56Petersen508
29%
138Long82
29%
88Ross79
25%
69Wright32
25%
65Ryan169
25%
11Erickson327
25%
127Burns132
25%
39Murphy56
25%
94Hughes80
25%
109Foster85
25%
91Wood71
25%
195Wallace107
21%
17Meyer141
21%
154Henry138
21%
189Warner331
21%
113Morgan60
21%
163Rose156
21%
114Turner48
21%
67Kelly70
21%
198Patterson104
21%
147Cole110
21%
139Obrien315
21%
161Reynolds106
21%
166Sanders88
21%
185Stone151
21%
76Sullivan86
21%
31Jacobson642
21%
184Andersen848
21%
62Pearson278
21%
95Phillips46
21%
179Coleman95
21%
90Collins51
21%
61Scott36
21%
100Ward69
18%
194Brooks73
18%
145Christianson2,810
18%
19Swanson354
18%
58Schneider257
18%
178Barnes92
18%
116Fox150
18%
115Bennett75
18%
70Mueller425
18%
46Nguyen55
18%
96Stewart53
18%
169Cox67
18%
160Walsh247
18%
175Hamilton102
14%
177West108
14%
24Schultz262
14%
152Hayes114
14%
181Simon368
14%
197Arnold176
14%
191Shaw140
14%
143Rice166
14%
140Braun876
14%
151Beck282
14%
164Winter933
14%
200Freeman135
14%
45Weber239
14%
64Gustafson1,155
14%
130Myers83
14%
129Wolf388
14%
105Reed66
14%
106Bailey65
14%
128Keller275
14%
110Iverson2,110
14%
89Schwartz297
14%
41Swenson1,376
14%
51Schroeder424
14%
98Hendrickson1,108
11%
54Fischer384
11%
97Mattson2,086
11%
174Holm2,457
11%
117Murray117
11%
182Holmes165
11%
119Nielsen729
11%
55Hoffman180
11%
57Knutson1,887
11%
196Butler90
11%
68Campbell41
11%
199Graham105
11%
187Armstrong199
7%
190Russell91
7%
77Lund1,291
7%
173Koch601
7%
93Klein307
7%
71Pederson2,158
7%
134Moe2,910
7%
63Dahl1,481
7%
165Schaefer721
7%
133Snyder144
7%
123Kramer440
7%
47Becker289
7%
40Christensen374
7%
141Danielson2,571
7%
162Lang481
7%
171Severson3,251
4%
172Ness2,999
4%
193Schmitt874
4%
188Halvorson5,116
4%
186Novak861
4%
37Wagner142
4%
135Brandt815
4%
122Palmer159
4%
126Sorenson1,999
4%
180Krause891
4%
108Gunderson2,487
4%
144Gilbertson3,816
4%
170Lange1,006
4%
66Bauer433
4%
92Rasmussen858
4%
155Halverson2,790
4%
72Hagen1,370
0%
32Vang1,736
0%
30Yang406
0%
183Amundson4,795
0%
192Lindquist2,771
0%
78Xiong2,237
0%
146Christenson3,030
0%
83Schmitz1,369
0%
86Krueger817
0%
111Haugen3,527
0%
176Moen4,190
0%
157Thao4,317
0%
167Lynch232
0%

Score Distribution

Percentile by Number Answered

Percent of People with Each Score

Your Score History

You have not taken this quiz